Central European security concerns bridge, buffer or barrier?

Bibliographic Details
Other Authors: Kipp, Jacob W., 1942- (Editor)
Format: Book
Language:English
PhysicalDescription:201 strán 25 cm
Published: London New York Routledge Taylor & Francis Group 2021
ISBN:9780367612146
9780367566302
9781003104681
9781003124382
Edition:This edition first published in 2021
Series:Routledge Library Editions: Cold War Security Studies
Subjects:

MARC

LEADER 00000nam a2200000 4500
001 vtls012078479
003 SK-MaSNL
005 20260426003823.0
008 211124s2021 xxk fr 001 0deng
015 |a SNBZSA2023/12 
020 |a 9780367612146  |q (viazané ; volume 10) 
020 |a 9780367566302  |q (Set) 
020 |a 9781003104681  |q (ebk ; volume 10) 
020 |a 9781003124382  |q (ebk ; Set) 
040 |a SNK  |b slo  |c SNK  |e rda 
041 0 |a eng 
043 |a ec-----  |a ee----- 
044 |a xxk  |c GB  |a xxu  |c US 
072 7 |a 355/359  |x Vojenstvo. Obrana krajiny. Ozbrojené sily  |2 konspekt 
080 |a 355.02  |2 2011 
080 |a (082)  |2 2011 
080 |a (4-191.2)  |2 2011 
080 |a (4‑11)  |2 2011 
245 0 0 |a Central European security concerns  |b bridge, buffer or barrier?  |c edited by Jacob Kipp 
250 |a This edition first published in 2021 
264 1 |a London  |a New York  |b Routledge Taylor & Francis Group  |c 2021 
300 |a 201 strán  |c 25 cm 
336 |a text  |b txt  |2 rdacontent 
337 |a bez média  |b n  |2 rdamedia 
338 |a zväzok  |b nc  |2 rdacarrier 
490 1 |a Routledge Library Editions: Cold War Security Studies  |v Volume 10 
500 |a Poznámky na konci jednotlivých príspevkov. Zoznam prispievateľov a ich profesijné pôsobenie 
504 |a Obsahuje register 
650 0 7 |a národná bezpečnosť  |2 SNKPH  |9 78003 
650 0 7 |a National security  |2 SNKPHeng  |9 310488 
650 0 7 |a bezpečnosť štátu  |2 SNKPH  |9 13416 
650 0 7 |a State security  |2 SNKPHeng  |9 372383 
650 0 7 |a bezpečnostná politika  |2 SNKPH  |9 1647 
650 0 7 |a Security policy  |2 SNKPHeng  |9 268398 
651 7 |a Európa stredná  |2 SNKPHgeo  |9 23970 
651 7 |a Europe, Central  |2 SNKPHeng  |9 98219 
651 7 |a Európa východná  |2 SNKPHgeo  |9 167635 
651 7 |a Europe, Eastern  |2 SNKPHeng  |9 229905 
655 7 |a zborníky  |2 SNKPH  |9 70165 
655 7 |a Papers of several authors  |2 SNKPHeng  |9 153738 
700 1 |a Kipp, Jacob W.,  |d 1942-  |4 edt  |9 622100 
830 0 |a Routledge Library Editions: Cold War Security Studies  |9 622101 
852 |a Slovenská národná knižnica 
919 |a 978-0-367-61214-6 
919 |a 978-0-367-56630-2 
919 |a 978-1-00-310468-1 
919 |a 978-1-003-12438-2 
954 |a odborná, vedecká literatúra cudzojazyčná (svetová)  |2 lita 
958 |a ZS 
999 |c 956049  |d 957979 
952 |a SNK  |b SNK  |y PREZ  |7 0  |p 17A1469544  |o snkSC 195609  |i snk2021/18975  |8 3  |g 136.62  |0 0  |1 0  |4 0  |d 2021-11-24  |l 0  |r 2025-10-15 00:00:00  |w 2026-02-24